000 00604nam a22001937a 4500
005 20251108175032.0
008 250721s1994 xx 000 0 ara d
082 1 4 _aط/922.1/طنط
100 1 _aالطنطاوي، عبد الله
245 1 0 _aسعد بن أبي وقاص : فارس القادسية /
264 1 _aدمشق :
_bدار القلم،
_c1994.
300 _a39 ص.
490 0 _aمن نجوم الإسلام
_v3
650 1 7 _aالتراجم
650 1 7 _aالقادة الدينيون
653 _aناشئون صغار ( 10 - 14 سنة )
942 _2ddc
_cBK
999 _c124506
_d124506